The Age Of AI And Our Human Future (Record no. 41127)

MARC details
000 -LEADER
fixed length control field 00311nam a2200121Ia 4500
008 - FIXED-LENGTH DATA ELEMENTS--GENERAL INFORMATION
fixed length control field 240719s9999 xx 000 0 und d
041 ## - LANGUAGE CODE
Language code of text/sound track or separate title eng
082 ## - DEWEY DECIMAL CLASSIFICATION NUMBER
Classification number 233 KIS
100 ## - MAIN ENTRY--PERSONAL NAME
Personal name Kissinger, Henry A
245 ## - TITLE STATEMENT
Title The Age Of AI And Our Human Future
260 ## - PUBLICATION, DISTRIBUTION, ETC.
Place of publication, distribution, etc. London
Name of publisher, distributor, etc. John Murray
Date of publication, distribution, etc. 2021
300 ## - PHYSICAL DESCRIPTION
Extent 256 P.; 28 Cm.
Holdings
Withdrawn status Lost status Damaged status Not for loan Home library Current library Shelving location Date acquired Full call number Barcode Date last seen Price effective from Koha item type
        IMTN IMTN Rack 4-A 04/02/2022 233 KIS 32822 07/19/2024 07/19/2024 Books
Designed & Maintained by: LRC IMT Nagpur Contact: lrc@imtnag.ac.in© 2024. All Rights Reserved.